00866nam a2200229 a 4500001000400000003001000004005001700014008004100031020001800072040002500090080001600115100003200131245019100163260003800354300002700392504002500419650003100444650004000475650005300515650004000568700002800608548BR-CuiBMT20231129061114.0231109s2019 mgba 000 0 por d a9788545006398 aBR-CuiBMTcBR-CuiBMT 22007a351.910aSouza, Kleberson Roberto de10aComo combater o desperdício no setor público :bgestão de riscos na prática /cKleberson Roberto de Souza, Franklin Brasil Santos ; prefácio Francisco Eduardo de Holanda Bessa. aBelo Horizonte :bFórum,c2019. a237 p. :bil. ;c22 cm aInclui bibliografia. aGestão de riscoszBrasil aDespesa públicaxControlezBrasil aServidor públicoxÉtica profissionalzBrasil aAdministração públicazBrasil aSantos, Franklin Brasil